000 00356nam a2200145Ia 4500
008 230917s9999||||xx |||||||||||||| ||und||
040 _e98397
_aMAIN
041 _aEnglish
082 _a301.04 D935S
100 _aDurkheim, Emile
245 0 _aSuicide: A study in sociology
260 _aLondon
_bRoutledge
_c2002
300 _alii, 374 p.
942 _cBK
999 _c115472
_d115472